[Event "European Online Club-ch-F 2021"]
[Site "Online"]
[Date "2021.03.27"]
[Round "8.14"]
[White "Rogule, Laura"]
[Black "Azarov, Sergei"]
[Result "0-1"]
[WhiteElo "2286"]
[BlackElo "2604"]
[Annotator "ChessBase"]
[PlyCount "68"]
[EventDate "2021.03.27"]
[EventType "team-tourn"]
[EventCountry "NET"]
[SourceTitle "playchess.com"]
[Source "ChessBase"]
[SourceQuality "1"]
[TimeControl "900+5"]

1. d4 {[%emt 0:00:00]} Nf6 {[%emt 0:00:04]} 2. c4 {[%emt 0:00:05]} e6 {[%emt 0:00:02]} 3. g3 {[%emt 0:00:20]} d5 {[%emt 0:00:03]} 4. Bg2 {[%emt 0:00:30]} dxc4 {[%emt 0:00:11]} 5. Qa4+ {[%emt 0:01:25]} Nbd7 {[%emt 0:00:07]} 6. Nf3 {[%emt 0:00:50]} a6 {[%emt 0:00:21]} 7. Qxc4 {[%emt 0:00:11]} c5 {[%emt 0:00:19]} 8. dxc5 {[%emt 0:01:47]} Bxc5 {[%emt 0:00:06]} 9. b4 {[%emt 0:01:29]} Be7 {[%emt 0:00:39]} 10. O-O {[%emt 0:01:13]} b5 {[%emt 0:00:16]} 11. Qb3 {[%emt 0:00:10]} Bb7 {[%emt 0:00:03]} 12. Nc3 {[%emt 0:00:54]} O-O {[%emt 0:00:07]} 13. a4 {[%emt 0:00:30]} Nd5 {[%emt 0:01:13]} 14. Bb2 {[%emt 0:01:34]} bxa4 {[%emt 0:00:35]} 15. Nxa4 {[%emt 0:00:49]} Rb8 {[%emt 0:00:30]} 16. Rfd1 {[%emt 0:01:29]} Ba8 {[%emt 0:01:48]} 17. e4 {[%emt 0:00:11]} Nxb4 {[%emt 0:01:00]} 18. Ne5 {[%emt 0:00:30]} Nc6 {[%emt 0:00:21]} 19. Nxc6 {[%emt 0:00:35]} Rxb3 {[%emt 0:00:04]} 20. Nxd8 {[%emt 0:00:18]} Rxd8 {[%emt 0:00:01]} 21. Bc3 {[%emt 0:00:31]} Bc6 {[%emt 0:01:03]} 22. Ba5 {[%emt 0:00:18]} Rdb8 {[%emt 0:00:13]} 23. e5 {[%emt 0:00:41]} Bxg2 {[%emt 0:01:20]} 24. Kxg2 {[%emt 0:00:03]} R8b7 {[%emt 0:00:11]} 25. Rac1 {[%emt 0:00:13]} h5 {[%emt 0:00:31]} 26. Bc7 {[%emt 0:00:16]} Nf8 {[%emt 0:00:19]} 27. Nc5 {[%emt 0:00:05]} Bxc5 {[%emt 0:00:18]} 28. Rxc5 {[%emt 0:00:01]} Ng6 {[%emt 0:00:23]} 29. Rd8+ {[%emt 0:00:10]} Kh7 {[%emt 0:00:02]} 30. Rd7 {[%emt 0:00:04]} R3b5 {[%emt 0:00:16]} 31. Rxb5 {[%emt 0:00:09]} axb5 {[%emt 0:00:03]} 32. Rxf7 {[%emt 0:00:08]} Nxe5 {[%emt 0:00:37]} 33. Re7 {[%emt 0:00:09]} Nc6 {[%emt 0:00:14]} 34. Rd7 {[%emt 0:00:04]} b4 {[%emt 0:00:09]} 0-1

[Event "European Online Club-ch-F 2021"]
[Site "Online"]
[Date "2021.03.27"]
[Round "8.15"]
[White "Zhigalko, Andrey"]
[Black "Moreau, Teodor"]
[Result "1-0"]
[WhiteElo "2517"]
[BlackElo "2329"]
[Annotator "ChessBase"]
[PlyCount "63"]
[EventDate "2021.03.27"]
[EventType "team-tourn"]
[EventCountry "NET"]
[SourceTitle "playchess.com"]
[Source "ChessBase"]
[SourceQuality "1"]
[TimeControl "900+5"]

1. e4 {[%emt 0:00:00]} c5 {[%emt 0:00:08]} 2. Nf3 {[%emt 0:00:02]} Nc6 {[%emt 0:00:05]} 3. d4 {[%emt 0:00:03]} cxd4 {[%emt 0:00:03]} 4. Nxd4 {[%emt 0:00:00]} Nf6 {[%emt 0:00:02]} 5. Nc3 {[%emt 0:00:03]} e5 {[%emt 0:00:05]} 6. Ndb5 {[%emt 0:00:02]} d6 {[%emt 0:00:05]} 7. Bg5 {[%emt 0:00:02]} a6 {[%emt 0:00:03]} 8. Na3 {[%emt 0:00:02]} b5 {[%emt 0:00:02]} 9. Bxf6 {[%emt 0:00:02]} gxf6 {[%emt 0:00:03]} 10. Nd5 {[%emt 0:00:01]} Bg7 {[%emt 0:00:05]} 11. c3 {[%emt 0:00:01]} f5 {[%emt 0:00:10]} 12. exf5 {[%emt 0:00:00]} Bxf5 {[%emt 0:00:05]} 13. Nc2 {[%emt 0:00:01]} O-O {[%emt 0:00:12]} 14. Nce3 {[%emt 0:00:03]} Be6 {[%emt 0:00:03]} 15. Bd3 {[%emt 0:00:04]} f5 {[%emt 0:00:04]} 16. O-O {[%emt 0:00:03]} Kh8 {[%emt 0:02:15]} 17. Qh5 {[%emt 0:00:48]} e4 {[%emt 0:01:13]} 18. Bc2 {[%emt 0:00:13]} Ne7 {[%emt 0:00:08]} 19. Rad1 {[%emt 0:00:06]} Nxd5 {[%emt 0:00:12]} 20. Nxd5 {[%emt 0:00:00]} Be5 {[%emt 0:00:28]} 21. f4 {[%emt 0:00:27]} exf3 {[%emt 0:01:18]} 22. Rxf3 {[%emt 0:05:09]} Qd7 {[%emt 0:00:06]} 23. Nf4 {[%emt 0:01:46]} Qf7 {[%emt 0:02:43]} 24. Qh6 {[%emt 0:03:04]} Bd7 {[%emt 0:00:31]} 25. Rh3 {[%emt 0:00:56]} Be8 {[%emt 0:02:48]} 26. Ng6+ {[%emt 0:00:11]} Qxg6 {[%emt 0:00:17]} 27. Qxf8+ {[%emt 0:00:03]} Qg8 {[%emt 0:00:03]} 28. Qxf5 {[%emt 0:01:34]} Ra7 {[%emt 0:00:11]} 29. Bb3 {[%emt 0:00:18]} Qg7 {[%emt 0:01:29]} 30. Rxh7+ {[%emt 0:00:13]} Qxh7 {[%emt 0:00:44]} 31. Qf8+ {[%emt 0:00:00]} Qg8 {[%emt 0:00:02]} 32. Qxg8# {[%emt 0:00:02]} 1-0

[Event "European Online Club-ch-F 2021"]
[Site "Online"]
[Date "2021.03.27"]
[Round "8.16"]
[White "Cramling, Dan"]
[Black "Kazakouski, Valery"]
[Result "0-1"]
[WhiteElo "2292"]
[BlackElo "2476"]
[Annotator "ChessBase"]
[PlyCount "80"]
[EventDate "2021.03.27"]
[EventType "team-tourn"]
[EventCountry "NET"]
[SourceTitle "playchess.com"]
[Source "ChessBase"]
[SourceQuality "1"]
[TimeControl "900+5"]

1. d4 {[%emt 0:00:00]} Nf6 {[%emt 0:00:02]} 2. c4 {[%emt 0:00:04]} e6 {[%emt 0:00:02]} 3. Nc3 {[%emt 0:00:03]} Bb4 {[%emt 0:00:02]} 4. e3 {[%emt 0:00:04]} b6 {[%emt 0:00:02]} 5. Nge2 {[%emt 0:00:03]} Ba6 {[%emt 0:00:01]} 6. Ng3 {[%emt 0:00:03]} Bxc3+ {[%emt 0:00:04]} 7. bxc3 {[%emt 0:00:03]} d5 {[%emt 0:00:01]} 8. Qf3 {[%emt 0:00:24]} O-O {[%emt 0:00:12]} 9. cxd5 {[%emt 0:01:47]} exd5 {[%emt 0:00:47]} 10. Bxa6 {[%emt 0:00:41]} Nxa6 {[%emt 0:00:00]} 11. O-O {[%emt 0:00:14]} c5 {[%emt 0:00:04]} 12. a4 {[%emt 0:02:01]} Re8 {[%emt 0:00:30]} 13. Ba3 {[%emt 0:00:36]} Qd7 {[%emt 0:00:35]} 14. Rfb1 {[%emt 0:00:52]} Rac8 {[%emt 0:01:23]} 15. Qe2 {[%emt 0:00:29]} c4 {[%emt 0:01:57]} 16. Qc2 {[%emt 0:00:57]} Re6 {[%emt 0:00:16]} 17. Re1 {[%emt 0:01:51]} Rce8 {[%emt 0:00:07]} 18. Re2 {[%emt 0:00:35]} g6 {[%emt 0:00:20]} 19. Rae1 {[%emt 0:00:15]} Ne4 {[%emt 0:00:12]} 20. Nh1 {[%emt 0:00:56]} f5 {[%emt 0:00:17]} 21. f3 {[%emt 0:00:06]} Nf6 {[%emt 0:00:16]} 22. Nf2 {[%emt 0:00:07]} Nc7 {[%emt 0:00:02]} 23. Nh3 {[%emt 0:00:41]} Rc6 {[%emt 0:00:16]} 24. Nf2 {[%emt 0:01:06]} Kg7 {[%emt 0:00:25]} 25. h3 {[%emt 0:00:08]} Rce6 {[%emt 0:00:09]} 26. e4 {[%emt 0:00:54]} fxe4 {[%emt 0:00:27]} 27. fxe4 {[%emt 0:00:06]} Nxe4 {[%emt 0:00:07]} 28. Nxe4 {[%emt 0:00:05]} Rxe4 {[%emt 0:00:06]} 29. Rxe4 {[%emt 0:00:03]} dxe4 {[%emt 0:00:08]} 30. Rxe4 {[%emt 0:00:03]} Qf5 {[%emt 0:00:35]} 31. Re2 {[%emt 0:00:16]} Qxc2 {[%emt 0:00:04]} 32. Rxc2 {[%emt 0:00:03]} Nd5 {[%emt 0:00:02]} 33. Bc1 {[%emt 0:00:18]} h6 {[%emt 0:01:28]} 34. Kf2 {[%emt 0:00:08]} Kf6 {[%emt 0:00:23]} 35. Bxh6 {[%emt 0:00:37]} g5 {[%emt 0:00:03]} 36. h4 {[%emt 0:00:03]} gxh4 {[%emt 0:00:02]} 37. Kf3 {[%emt 0:00:11]} Kf5 {[%emt 0:00:06]} 38. Bd2 {[%emt 0:01:10]} Rg8 {[%emt 0:00:18]} 39. Be1 {[%emt 0:00:02]} Rg4 {[%emt 0:00:05]} 40. Re2 {[%emt 0:00:04]} Rf4# {[%emt 0:00:03]} 0-1

[Event "European Online Club-ch-F 2021"]
[Site "Online"]
[Date "2021.03.27"]
[Round "8.17"]
[White "Pechac, Jergus"]
[Black "Gokerkan, Cem Kaan"]
[Result "0-1"]
[WhiteElo "2507"]
[BlackElo "2470"]
[Annotator "ChessBase"]
[PlyCount "54"]
[EventDate "2021.03.27"]
[EventType "team-tourn"]
[EventCountry "NET"]
[SourceTitle "playchess.com"]
[Source "ChessBase"]
[SourceQuality "1"]
[TimeControl "900+5"]

1. d4 {[%emt 0:00:00]} Nf6 {[%emt 0:00:09]} 2. c4 {[%emt 0:00:03]} e6 {[%emt 0:00:02]} 3. Nc3 {[%emt 0:00:01]} Bb4 {[%emt 0:00:05]} 4. Nf3 {[%emt 0:00:02]} b6 {[%emt 0:00:07]} 5. e3 {[%emt 0:00:02]} Bb7 {[%emt 0:00:06]} 6. Bd3 {[%emt 0:00:02]} O-O {[%emt 0:00:23]} 7. O-O {[%emt 0:00:04]} Bxc3 {[%emt 0:00:23]} 8. bxc3 {[%emt 0:00:04]} d6 {[%emt 0:00:00]} 9. Nd2 {[%emt 0:00:24]} e5 {[%emt 0:00:34]} 10. e4 {[%emt 0:01:00]} Nc6 {[%emt 0:00:23]} 11. Bb2 {[%emt 0:00:45]} Re8 {[%emt 0:00:08]} 12. a3 {[%emt 0:04:04]} Ne7 {[%emt 0:01:02]} 13. Re1 {[%emt 0:01:02]} Ng6 {[%emt 0:00:10]} 14. Bc2 {[%emt 0:01:41]} Qd7 {[%emt 0:00:59]} 15. f3 {[%emt 0:00:14]} Nh5 {[%emt 0:00:16]} 16. Nf1 {[%emt 0:00:05]} Qd8 {[%emt 0:01:43]} 17. a4 {[%emt 0:01:45]} a5 {[%emt 0:01:19]} 18. c5 {[%emt 0:00:22]} dxc5 {[%emt 0:00:20]} 19. dxc5 {[%emt 0:00:00]} Qg5 {[%emt 0:00:04]} 20. Bc1 {[%emt 0:02:44]} Nhf4 {[%emt 0:00:56]} 21. Bxf4 {[%emt 0:00:11]} Nxf4 {[%emt 0:00:03]} 22. g3 {[%emt 0:00:06]} Rad8 {[%emt 0:02:31]} 23. Qb1 {[%emt 0:00:08]} Ba6 {[%emt 0:00:17]} 24. cxb6 {[%emt 0:00:31]} cxb6 {[%emt 0:01:23]} 25. Qxb6 {[%emt 0:00:40]} Bxf1 {[%emt 0:00:23]} 26. Rxf1 {[%emt 0:00:40]} Rd2 {[%emt 0:00:04]} 27. Bb3 {[%emt 0:00:19]} Ne2+ {[%emt 0:01:00]} 0-1

[Event "European Online Club-ch-F 2021"]
[Site "Online"]
[Date "2021.03.27"]
[Round "8.18"]
[White "Ozen, Deniz"]
[Black "Zwardon, Vojtech"]
[Result "1-0"]
[WhiteElo "2397"]
[BlackElo "2466"]
[Annotator "ChessBase"]
[PlyCount "80"]
[EventDate "2021.03.27"]
[EventType "team-tourn"]
[EventCountry "NET"]
[SourceTitle "playchess.com"]
[Source "ChessBase"]
[SourceQuality "1"]
[TimeControl "900+5"]

1. e4 {[%emt 0:00:00]} c5 {[%emt 0:00:02]} 2. Nf3 {[%emt 0:00:02]} Nc6 {[%emt 0:00:01]} 3. Bb5 {[%emt 0:00:01]} g6 {[%emt 0:00:01]} 4. Bxc6 {[%emt 0:00:01]} dxc6 {[%emt 0:00:00]} 5. h3 {[%emt 0:00:02]} Bg7 {[%emt 0:00:01]} 6. d3 {[%emt 0:00:01]} Nf6 {[%emt 0:00:01]} 7. Nc3 {[%emt 0:00:08]} O-O {[%emt 0:00:02]} 8. Be3 {[%emt 0:00:02]} b6 {[%emt 0:00:03]} 9. Qd2 {[%emt 0:00:04]} e5 {[%emt 0:00:02]} 10. Bh6 {[%emt 0:00:06]} Qd6 {[%emt 0:00:02]} 11. Bxg7 {[%emt 0:00:11]} Kxg7 {[%emt 0:00:00]} 12. O-O {[%emt 0:00:06]} Nh5 {[%emt 0:00:04]} 13. Rfe1 {[%emt 0:00:11]} f6 {[%emt 0:00:04]} 14. a3 {[%emt 0:00:08]} Rd8 {[%emt 0:00:18]} 15. Qe3 {[%emt 0:00:18]} Nf4 {[%emt 0:00:12]} 16. Ne2 {[%emt 0:00:10]} Ne6 {[%emt 0:00:05]} 17. b4 {[%emt 0:00:43]} cxb4 {[%emt 0:01:11]} 18. axb4 {[%emt 0:00:03]} Qxb4 {[%emt 0:00:00]} 19. Reb1 {[%emt 0:00:03]} Qc5 {[%emt 0:00:01]} 20. Qxc5 {[%emt 0:00:04]} bxc5 {[%emt 0:00:02]} 21. Nd2 {[%emt 0:00:56]} Kh6 {[%emt 0:01:19]} 22. Ra5 {[%emt 0:00:25]} Nd4 {[%emt 0:00:07]} 23. Nxd4 {[%emt 0:00:14]} cxd4 {[%emt 0:00:00]} 24. Rba1 {[%emt 0:00:14]} a6 {[%emt 0:00:02]} 25. Rc5 {[%emt 0:00:40]} Bd7 {[%emt 0:00:03]} 26. Rca5 {[%emt 0:00:21]} Rdb8 {[%emt 0:00:03]} 27. Nb3 {[%emt 0:00:58]} Rb6 {[%emt 0:00:10]} 28. f4 {[%emt 0:00:18]} exf4 {[%emt 0:00:45]} 29. Nxd4 {[%emt 0:00:08]} g5 {[%emt 0:00:08]} 30. R1a2 {[%emt 0:01:50]} Kg6 {[%emt 0:01:14]} 31. e5 {[%emt 0:02:03]} fxe5 {[%emt 0:01:53]} 32. Nf3 {[%emt 0:00:03]} Be6 {[%emt 0:00:13]} 33. c4 {[%emt 0:00:51]} Kf6 {[%emt 0:00:31]} 34. Rxe5 {[%emt 0:00:24]} Bf5 {[%emt 0:00:17]} 35. Raa5 {[%emt 0:00:54]} Bxd3 {[%emt 0:00:22]} 36. Rxg5 {[%emt 0:00:19]} Rb1+ {[%emt 0:00:25]} 37. Kh2 {[%emt 0:00:04]} Bxc4 {[%emt 0:00:11]} 38. Raf5+ {[%emt 0:00:25]} Ke7 {[%emt 0:00:05]} 39. Nd2 {[%emt 0:00:13]} Rc1 {[%emt 0:00:22]} 40. Rc5 {[%emt 0:00:07]} h5 {[%emt 0:03:12]} 1-0

[Event "European Online Club-ch-F 2021"]
[Site "Online"]
[Date "2021.03.27"]
[Round "8.19"]
[White "Druska, Juraj"]
[Black "Can, Isik"]
[Result "1/2-1/2"]
[WhiteElo "2495"]
[BlackElo "2380"]
[Annotator "ChessBase"]
[PlyCount "91"]
[EventDate "2021.03.27"]
[EventType "team-tourn"]
[EventCountry "NET"]
[SourceTitle "playchess.com"]
[Source "ChessBase"]
[SourceQuality "1"]
[TimeControl "900+5"]

1. e4 {[%emt 0:00:00]} c6 {[%emt 0:00:07]} 2. d4 {[%emt 0:00:02]} d5 {[%emt 0:00:02]} 3. exd5 {[%emt 0:00:00]} cxd5 {[%emt 0:00:02]} 4. Bd3 {[%emt 0:00:01]} Nc6 {[%emt 0:00:02]} 5. c3 {[%emt 0:00:01]} g6 {[%emt 0:00:02]} 6. Nf3 {[%emt 0:00:13]} Bf5 {[%emt 0:00:03]} 7. Be2 {[%emt 0:00:02]} Bg7 {[%emt 0:01:16]} 8. O-O {[%emt 0:00:04]} e6 {[%emt 0:00:38]} 9. h3 {[%emt 0:00:59]} Bxb1 {[%emt 0:00:05]} 10. Rxb1 {[%emt 0:00:04]} Nge7 {[%emt 0:00:02]} 11. Bf4 {[%emt 0:00:29]} O-O {[%emt 0:00:07]} 12. Qd2 {[%emt 0:00:02]} Nf5 {[%emt 0:00:23]} 13. Bd3 {[%emt 0:00:42]} Nd6 {[%emt 0:00:11]} 14. Rfe1 {[%emt 0:00:53]} a6 {[%emt 0:00:19]} 15. Bh6 {[%emt 0:00:24]} b5 {[%emt 0:00:18]} 16. h4 {[%emt 0:00:22]} Nc4 {[%emt 0:01:10]} 17. Bxc4 {[%emt 0:02:01]} bxc4 {[%emt 0:00:09]} 18. h5 {[%emt 0:00:06]} Bxh6 {[%emt 0:01:21]} 19. Qxh6 {[%emt 0:00:04]} Qf6 {[%emt 0:00:02]} 20. hxg6 {[%emt 0:00:16]} hxg6 {[%emt 0:00:56]} 21. Ng5 {[%emt 0:04:03]} Qh8 {[%emt 0:02:01]} 22. Qxh8+ {[%emt 0:00:11]} Kxh8 {[%emt 0:00:02]} 23. Nxe6 {[%emt 0:01:10]} fxe6 {[%emt 0:00:04]} 24. Rxe6 {[%emt 0:00:00]} Rac8 {[%emt 0:00:13]} 25. Rxg6 {[%emt 0:00:02]} Rg8 {[%emt 0:01:19]} 26. Re6 {[%emt 0:00:25]} Rge8 {[%emt 0:00:03]} 27. Rbe1 {[%emt 0:00:04]} Rxe6 {[%emt 0:00:10]} 28. Rxe6 {[%emt 0:00:00]} Kg7 {[%emt 0:03:48]} 29. Rd6 {[%emt 0:00:30]} Ne7 {[%emt 0:00:24]} 30. Rxa6 {[%emt 0:00:02]} Rb8 {[%emt 0:00:06]} 31. Re6 {[%emt 0:00:03]} Ng6 {[%emt 0:00:02]} 32. b3 {[%emt 0:02:46]} Nf4 {[%emt 0:01:17]} 33. Rc6 {[%emt 0:00:18]} cxb3 {[%emt 0:00:05]} 34. axb3 {[%emt 0:00:00]} Rxb3 {[%emt 0:00:11]} 35. c4 {[%emt 0:00:05]} Ne2+ {[%emt 0:00:20]} 36. Kh2 {[%emt 0:00:08]} dxc4 {[%emt 0:00:10]} 37. Rxc4 {[%emt 0:00:00]} Rd3 {[%emt 0:00:02]} 38. g3 {[%emt 0:00:12]} Nxd4 {[%emt 0:00:04]} 39. Kg2 {[%emt 0:00:03]} Kf6 {[%emt 0:00:09]} 40. Ra4 {[%emt 0:00:03]} Rd2 {[%emt 0:00:13]} 41. Ra6+ {[%emt 0:00:03]} Ke5 {[%emt 0:00:03]} 42. Ra5+ {[%emt 0:00:01]} Ke4 {[%emt 0:00:03]} 43. Ra4 {[%emt 0:00:03]} Ke5 {[%emt 0:00:07]} 44. Ra5+ {[%emt 0:00:02]} Ke4 {[%emt 0:00:07]} 45. Ra4 {[%emt 0:00:01]} Ke5 {[%emt 0:00:02]} 46. Ra5+ {[%emt 0:00:01]} 1/2-1/2

[Event "European Online Club-ch-F 2021"]
[Site "Online"]
[Date "2021.03.27"]
[Round "8.20"]
[White "Kamer, Kayra"]
[Black "Jablonicky, Martin"]
[Result "0-1"]
[WhiteElo "2339"]
[BlackElo "2298"]
[Annotator "NA"]
[PlyCount "114"]
[EventDate "2021.03.27"]
[EventType "team-tourn"]
[EventCountry "NET"]
[SourceTitle "playchess.com"]
[Source "ChessBase"]
[SourceQuality "1"]
[TimeControl "900+5"]

1. e4 {[%emt 0:00:00]} e5 {[%emt 0:00:07]} 2. Nf3 {[%emt 0:00:03]} Nf6 {[%emt 0:00:02]} 3. Nc3 {[%emt 0:00:04]} Nc6 {[%emt 0:00:02]} 4. d4 {[%emt 0:00:04]} exd4 {[%emt 0:00:02]} 5. Nxd4 {[%emt 0:00:01]} Bb4 {[%emt 0:00:02]} 6. Nxc6 {[%emt 0:00:02]} bxc6 {[%emt 0:00:01]} 7. Bd3 {[%emt 0:00:01]} d5 {[%emt 0:00:02]} 8. exd5 {[%emt 0:00:01]} O-O {[%emt 0:00:02]} 9. O-O {[%emt 0:00:02]} cxd5 {[%emt 0:00:24]} 10. Bg5 {[%emt 0:00:04]} c6 {[%emt 0:00:04]} 11. Qf3 {[%emt 0:00:03]} Bd6 {[%emt 0:00:05]} 12. Ne2 {[%emt 0:00:11]} Rb8 {[%emt 0:00:09]} 13. Nd4 {[%emt 0:00:39]} Bd7 {[%emt 0:00:16]} 14. Nf5 {[%emt 0:00:24]} Be5 {[%emt 0:00:31]} 15. Qh3 {[%emt 0:01:33]} g6 {[%emt 0:01:22]} 16. Nh6+ {[%emt 0:01:29]} Kg7 {[%emt 0:00:05]} 17. Qh4 {[%emt 0:00:02]} Qb6 {[%emt 0:01:46]} 18. Kh1 {[%emt 0:01:18]} Ng8 {[%emt 0:00:58]} 19. f4 {[%emt 0:00:44]} Bxb2 {[%emt 0:03:56]} 20. f5 {[%emt 0:00:28]} Bxa1 {[%emt 0:02:18]} 21. Nxg8 {[%emt 0:01:27]} Kxg8 {[%emt 0:00:49]} 22. f6 {[%emt 0:00:07]} h5 {[%emt 0:00:03]} 23. Bd2 {[%emt 0:01:36]} Qd4 {[%emt 0:00:58]} 24. Qg5 {[%emt 0:00:42]} Qg4 {[%emt 0:01:42]} 25. Rxa1 {[%emt 0:02:31]} Qxg5 {[%emt 0:00:03]} 26. Bxg5 {[%emt 0:00:02]} Rfe8 {[%emt 0:00:04]} 27. h3 {[%emt 0:00:24]} c5 {[%emt 0:00:03]} 28. c4 {[%emt 0:00:04]} dxc4 {[%emt 0:00:10]} 29. Bxc4 {[%emt 0:00:05]} Rb2 {[%emt 0:00:10]} 30. Rd1 {[%emt 0:00:34]} Ba4 {[%emt 0:00:14]} 31. Rd6 {[%emt 0:00:18]} Bb5 {[%emt 0:00:46]} 32. Bd5 {[%emt 0:00:32]} c4 {[%emt 0:00:12]} 33. a4 {[%emt 0:00:01]} Bxa4 {[%emt 0:00:03]} 34. Bxc4 {[%emt 0:00:01]} Bb3 {[%emt 0:00:04]} 35. Bb5 {[%emt 0:00:10]} Rb8 {[%emt 0:00:11]} 36. Bd3 {[%emt 0:00:27]} Be6 {[%emt 0:00:07]} 37. Bxg6 {[%emt 0:00:13]} R2b6 {[%emt 0:00:02]} 38. Rxb6 {[%emt 0:00:10]} Rxb6 {[%emt 0:00:05]} 39. Bxh5 {[%emt 0:00:02]} a5 {[%emt 0:00:02]} 40. Kh2 {[%emt 0:00:20]} a4 {[%emt 0:00:01]} 41. Bc1 {[%emt 0:00:01]} Rb1 {[%emt 0:00:05]} 42. Ba3 {[%emt 0:00:03]} Ra1 {[%emt 0:00:02]} 43. Bb2 {[%emt 0:00:04]} Ra2 {[%emt 0:00:03]} 44. Be5 {[%emt 0:00:01]} Bd5 {[%emt 0:00:02]} 45. h4 {[%emt 0:00:01]} a3 {[%emt 0:00:05]} 46. Kg3 {[%emt 0:00:10]} Rxg2+ {[%emt 0:00:03]} 47. Kf4 {[%emt 0:00:02]} a2 {[%emt 0:00:03]} 48. Bg4 {[%emt 0:00:14]} Rg1 {[%emt 0:00:04]} 49. h5 {[%emt 0:00:02]} a1=Q {[%emt 0:00:03]} 50. Bxa1 {[%emt 0:00:02]} Rxa1 {[%emt 0:00:02]} 51. Kg5 {[%emt 0:00:01]} Rg1 {[%emt 0:00:05]} 52. Kh6 {[%emt 0:00:01]} Rf1 {[%emt 0:00:07]} 53. Bf5 {[%emt 0:00:03]} Kf8 {[%emt 0:00:04]} 54. Bg6 {[%emt 0:00:16]} fxg6 {[%emt 0:00:03]} 55. hxg6 {[%emt 0:00:04]} Rxf6 {[%emt 0:00:02]} 56. Kh7 {[%emt 0:00:01]} Be4 {[%emt 0:00:05]} 57. Kh8 {[%emt 0:00:04]} Rxg6 {[%emt 0:00:03]} 0-1

[Event "European Online Club-ch-F 2021"]
[Site "Online"]
[Date "2021.03.27"]
[Round "9.1"]
[White "Ozen, Deniz"]
[Black "Pulkkinen, Kari"]
[Result "1/2-1/2"]
[WhiteElo "2397"]
[BlackElo "2256"]
[Annotator "NA"]
[PlyCount "79"]
[EventDate "2021.03.27"]
[EventType "team-tourn"]
[EventCountry "NET"]
[SourceTitle "playchess.com"]
[Source "ChessBase"]
[SourceQuality "1"]
[TimeControl "900+5"]

1. e4 {[%emt 0:00:00]} c5 {[%emt 0:00:03]} 2. Nf3 {[%emt 0:00:02]} g6 {[%emt 0:00:03]} 3. c3 {[%emt 0:00:02]} Bg7 {[%emt 0:00:03]} 4. d4 {[%emt 0:00:01]} cxd4 {[%emt 0:00:02]} 5. cxd4 {[%emt 0:00:01]} d5 {[%emt 0:00:02]} 6. exd5 {[%emt 0:00:01]} Nf6 {[%emt 0:00:02]} 7. Bb5+ {[%emt 0:00:04]} Nbd7 {[%emt 0:00:02]} 8. d6 {[%emt 0:00:03]} O-O {[%emt 0:00:03]} 9. O-O {[%emt 0:00:47]} exd6 {[%emt 0:00:05]} 10. Nc3 {[%emt 0:00:02]} a6 {[%emt 0:00:24]} 11. Bd3 {[%emt 0:00:10]} b5 {[%emt 0:00:10]} 12. Bf4 {[%emt 0:00:10]} Nb6 {[%emt 0:00:03]} 13. Re1 {[%emt 0:00:33]} Bb7 {[%emt 0:00:09]} 14. Ne4 {[%emt 0:00:26]} Nxe4 {[%emt 0:00:07]} 15. Bxe4 {[%emt 0:00:01]} Bxe4 {[%emt 0:00:12]} 16. Rxe4 {[%emt 0:00:03]} Nd5 {[%emt 0:00:19]} 17. Bg3 {[%emt 0:00:29]} Qd7 {[%emt 0:00:19]} 18. Qb3 {[%emt 0:00:22]} Nf6 {[%emt 0:01:04]} 19. Re2 {[%emt 0:00:04]} Rfe8 {[%emt 0:00:09]} 20. Rae1 {[%emt 0:00:02]} Rxe2 {[%emt 0:00:03]} 21. Rxe2 {[%emt 0:00:01]} Rc8 {[%emt 0:00:10]} 22. Rc2 {[%emt 0:00:20]} Ne4 {[%emt 0:00:29]} 23. Qd3 {[%emt 0:00:20]} Rxc2 {[%emt 0:00:06]} 24. Qxc2 {[%emt 0:00:01]} Nxg3 {[%emt 0:00:06]} 25. hxg3 {[%emt 0:00:02]} Qe6 {[%emt 0:00:22]} 26. b3 {[%emt 0:00:05]} d5 {[%emt 0:01:07]} 27. Qc7 {[%emt 0:00:19]} h6 {[%emt 0:00:07]} 28. a4 {[%emt 0:00:22]} bxa4 {[%emt 0:00:08]} 29. bxa4 {[%emt 0:00:02]} g5 {[%emt 0:00:07]} 30. a5 {[%emt 0:00:48]} g4 {[%emt 0:00:25]} 31. Ne5 {[%emt 0:00:04]} Bxe5 {[%emt 0:00:16]} 32. dxe5 {[%emt 0:00:02]} Kh7 {[%emt 0:00:35]} 33. f4 {[%emt 0:00:32]} gxf3 {[%emt 0:00:58]} 34. gxf3 {[%emt 0:00:03]} d4 {[%emt 0:00:17]} 35. Qd6 {[%emt 0:01:10]} Qc4 {[%emt 0:00:12]} 36. Qd7 {[%emt 0:00:57]} Kg8 {[%emt 0:02:36]} 37. Qd8+ {[%emt 0:00:23]} Kh7 {[%emt 0:00:11]} 38. Qd7 {[%emt 0:00:25]} Kg8 {[%emt 0:00:05]} 39. Qd8+ {[%emt 0:00:25]} Kh7 {[%emt 0:00:06]} 40. Qd7 {[%emt 0:00:01]} 1/2-1/2

[Event "European Online Club-ch-F 2021"]
[Site "Online"]
[Date "2021.03.27"]
[Round "9.2"]
[White "Prieur, Eetu"]
[Black "Can, Isik"]
[Result "1-0"]
[WhiteElo "2172"]
[BlackElo "2380"]
[Annotator "NA"]
[PlyCount "47"]
[EventDate "2021.03.27"]
[EventType "team-tourn"]
[EventCountry "NET"]
[SourceTitle "playchess.com"]
[Source "ChessBase"]
[SourceQuality "1"]
[TimeControl "900+5"]

1. e4 {[%emt 0:00:00]} c6 {[%emt 0:00:05]} 2. d4 {[%emt 0:00:03]} d5 {[%emt 0:00:01]} 3. e5 {[%emt 0:00:02]} Bf5 {[%emt 0:00:03]} 4. Nc3 {[%emt 0:00:04]} e6 {[%emt 0:00:03]} 5. g4 {[%emt 0:00:03]} Bg6 {[%emt 0:00:02]} 6. Nge2 {[%emt 0:00:07]} c5 {[%emt 0:00:06]} 7. h4 {[%emt 0:00:08]} h5 {[%emt 0:00:03]} 8. Nf4 {[%emt 0:00:15]} Bh7 {[%emt 0:00:03]} 9. Nxh5 {[%emt 0:01:15]} Nc6 {[%emt 0:00:24]} 10. Bb5 {[%emt 0:00:36]} cxd4 {[%emt 0:00:14]} 11. Qxd4 {[%emt 0:00:07]} Nge7 {[%emt 0:00:02]} 12. Bh6 {[%emt 0:00:54]} a6 {[%emt 0:02:38]} 13. Bxc6+ {[%emt 0:00:55]} Nxc6 {[%emt 0:00:20]} 14. Qf4 {[%emt 0:00:03]} gxh6 {[%emt 0:05:43]} 15. Nf6+ {[%emt 0:00:09]} Ke7 {[%emt 0:00:03]} 16. Nfxd5+ {[%emt 0:02:24]} exd5 {[%emt 0:00:03]} 17. O-O-O {[%emt 0:00:03]} d4 {[%emt 0:05:36]} 18. Qf6+ {[%emt 0:00:19]} Ke8 {[%emt 0:00:02]} 19. Qxh8 {[%emt 0:00:02]} Bg6 {[%emt 0:00:02]} 20. e6 {[%emt 0:01:00]} fxe6 {[%emt 0:00:10]} 21. Rhe1 {[%emt 0:00:15]} Bf7 {[%emt 0:00:12]} 22. Ne4 {[%emt 0:00:21]} Qxh4 {[%emt 0:00:41]} 23. Nd6+ {[%emt 0:00:32]} Ke7 {[%emt 0:00:06]} 24. Nf5+ {[%emt 0:00:03]} 1-0